000 01233cam a22003254a 4500
001 16912526
003 OSt
005 20150408114155.0
008 110810s2012 enka b 001 0 eng
010 _a 2011031224
016 7 _a015952445
_2Uk
020 _a9781849712941 (pbk. : alk. paper)
020 _a9780203135754 (ebook)
035 _a(OCoLC)ocn730403900
040 _aDLC
_beng
_cDLC
_dYDX
_dBTCTA
_dUKMGB
_dYDXCP
_dCDX
_dDLC
042 _apcc
050 0 0 _aTH880
_b.J36 2012
082 0 0 _a720.47
_223
_bJLD
100 1 _aJankovic, Ljubomir.
_940595
245 1 0 _aDesigning zero carbon buildings using dynamic simulation methods /
_cLjubomir Jankovic.
260 _aAbingdon, Oxon [England] ;
_aNew York, NY :
_bEarthscan,
_c2012.
300 _axviii, 314 p. :
_bill. (chiefly col.) ;
_c30 cm.
504 _aIncludes bibliographical references and index.
650 0 _aSustainable buildings
_xDesign and construction.
_919209
650 0 _aBuildings
_xPerformance
_xComputer simulation.
_940596
650 0 _aCarbon dioxide mitigation.
_940597
906 _a7
_bcbc
_corignew
_d1
_eecip
_f20
_gy-gencatlg
942 _2ddc
_cDVD
999 _c32393
_d266893